Poskytovanie likvidity pre automatického tvorcu trhu

Dodávanie likvidity do fondov decentralizovaných búrz ako nová, prudko sa rozvíjajúca oblasť v decentralizovaných financiách. Vzťah medzi zmenou ceny a poskytnutej likvidity pri využití konceptu decentralizovanej burzy. Kryptomeny a blockchain a ich uplatnenie v decentralizovaných financiách.

Guardado en:
Detalles Bibliográficos
Autor principal: Badura, Peter, 1978-
Otros Autores: Kalusová, Lenka, 1987-
Formato: Capítulo de libro
Lenguaje:eslovaco
Materias:
Etiquetas: Agregar Etiqueta
Sin Etiquetas, Sea el primero en etiquetar este registro!

MARC

LEADER 00000naa$a2200000$$$4500
001 0281090
005 20240502074352.1
041 0 |a slo 
044 |a SK 
245 1 0 |a Poskytovanie likvidity pre automatického tvorcu trhu  |c Peter Badura, Lenka Kalusová 
520 |a Dodávanie likvidity do fondov decentralizovaných búrz ako nová, prudko sa rozvíjajúca oblasť v decentralizovaných financiách. Vzťah medzi zmenou ceny a poskytnutej likvidity pri využití konceptu decentralizovanej burzy. Kryptomeny a blockchain a ich uplatnenie v decentralizovaných financiách. 
610 2 0 |a likvidita 
610 2 0 |a ceny 
610 2 0 |a financie 
610 2 0 |a mena digitálna 
610 2 0 |a burzy 
100 1 |a Badura, Peter, 1978- 
700 1 |a Kalusová, Lenka, 1987-